| 000 | 00566nam a22001817a 4500 | ||
|---|---|---|---|
| 005 | 20231214090211.0 | ||
| 008 | 231214b |||||||| |||| 00| 0 eng d | ||
| 020 | _a9781485137801 | ||
| 041 | _aEnglish | ||
| 082 | _a342.9 ENV | ||
| 100 | _lEnglish | ||
| 245 |
_aEnvironmental Law and Local Government in South Africa / _cedited by A du Plessis |
||
| 250 | _aSecond Edition | ||
| 260 |
_aCape Town : _bJuta and Company (Pty) Ltd, _c2021 |
||
| 300 |
_blxxxviii, _c25 cm. |
||
| 650 |
_aLegal practice _bLaw |
||
| 942 |
_cBK _6ALISON_BN_VRIES |
||
| 999 |
_c1204 _d1204 |
||